<?xml version="1.0" encoding="UTF-8"?>
<record
    xmlns:xsi="http://www.w3.org/2001/XMLSchema-instance"
    xsi:schemaLocation="http://www.loc.gov/MARC21/slim http://www.loc.gov/standards/marcxml/schema/MARC21slim.xsd"
    xmlns="http://www.loc.gov/MARC21/slim">

  <leader>01396nam a2200277 i 4500</leader>
  <controlfield tag="001">105074</controlfield>
  <controlfield tag="003">ES-MaACL</controlfield>
  <controlfield tag="005">20230906183757.0</controlfield>
  <controlfield tag="007">t|</controlfield>
  <controlfield tag="008">060609s1966    ag           |||| |dspa d</controlfield>
  <datafield tag="080" ind1=" " ind2=" ">
    <subfield code="a">82.09(04)</subfield>
  </datafield>
  <datafield tag="245" ind1="0" ind2="0">
    <subfield code="a">Estudios literarios.</subfield>
  </datafield>
  <datafield tag="260" ind1=" " ind2=" ">
    <subfield code="a">La Plata : </subfield>
    <subfield code="b">Universidad Nacional de La Plata, Facultad de Humanidades y Ciencias de la Educaci&#xF3;n, </subfield>
    <subfield code="c">[1966]</subfield>
  </datafield>
  <datafield tag="300" ind1=" " ind2=" ">
    <subfield code="a">197 p. ; </subfield>
    <subfield code="c">23 cm.</subfield>
  </datafield>
  <datafield tag="490" ind1="1" ind2=" ">
    <subfield code="a">Trabajos de alumnos en los cursos de seminario, lectura y comentario de textos y clases pr&#xE1;cticas ; </subfield>
    <subfield code="v">1</subfield>
  </datafield>
  <datafield tag="505" ind1="8" ind2=" ">
    <subfield code="a">Contiene: ; </subfield>
    <subfield code="t">El s&#xED;mbolo en Goethe / </subfield>
    <subfield code="r">Gladys Lopreto. -- </subfield>
    <subfield code="t">El espiritualismo de "Clar&#xED;n" / </subfield>
    <subfield code="r">Hugo F. Bauz&#xE1;. -- </subfield>
    <subfield code="t">Lo nocturnal en la poes&#xED;a de Manuel Gutierrez N&#xE1;jera / </subfield>
    <subfield code="r">Enrique F. Lonn&#xE9;. -- </subfield>
    <subfield code="t">"El a&#xF1;o l&#xED;rico" de Rub&#xE9;n Dar&#xED;o / </subfield>
    <subfield code="r">Jos&#xE9; Mar&#xED;a Ferrero. -- </subfield>
    <subfield code="t">Lugones y el ultra&#xED;smo / </subfield>
    <subfield code="r">Pedro Luis Barcia</subfield>
  </datafield>
  <datafield tag="650" ind1=" " ind2=" ">
    <subfield code="a">Literatura-</subfield>
    <subfield code="x">Historia y cr&#xED;tica.</subfield>
    <subfield code="9">14489</subfield>
  </datafield>
  <datafield tag="700" ind1="1" ind2=" ">
    <subfield code="a">Lopreto, Gladys.</subfield>
    <subfield code="9">74052</subfield>
  </datafield>
  <datafield tag="700" ind1="1" ind2=" ">
    <subfield code="a">Bauz&#xE1;, Hugo F.</subfield>
    <subfield code="9">26629</subfield>
  </datafield>
  <datafield tag="700" ind1="1" ind2=" ">
    <subfield code="a">Ferrero, Jos&#xE9; Mar&#xED;a.</subfield>
    <subfield code="9">50551</subfield>
  </datafield>
  <datafield tag="700" ind1="1" ind2=" ">
    <subfield code="a">Barcia, Pedro Luis.</subfield>
    <subfield code="9">25541</subfield>
  </datafield>
  <datafield tag="710" ind1="2" ind2=" ">
    <subfield code="a">Universidad Nacional de La Plata. </subfield>
    <subfield code="b">Facultad de Humanidades y Ciencias de la Educaci&#xF3;n.</subfield>
    <subfield code="9">162170</subfield>
  </datafield>
  <datafield tag="830" ind1="0" ind2=" ">
    <subfield code="a">Trabajos de alumnos en los cursos de seminario, lectura y comentario de textos y clases pr&#xE1;cticas ; </subfield>
    <subfield code="v">1</subfield>
    <subfield code="9">232686</subfield>
  </datafield>
  <datafield tag="852" ind1=" " ind2=" ">
    <subfield code="a">ES-MaACL</subfield>
    <subfield code="j">F-9627</subfield>
  </datafield>
  <datafield tag="999" ind1=" " ind2=" ">
    <subfield code="c">105074</subfield>
    <subfield code="d">105074</subfield>
  </datafield>
  <datafield tag="952" ind1=" " ind2=" ">
    <subfield code="0">0</subfield>
    <subfield code="1">0</subfield>
    <subfield code="4">0</subfield>
    <subfield code="7">0</subfield>
    <subfield code="a">ATENEOM</subfield>
    <subfield code="b">ATENEOM</subfield>
    <subfield code="c">SPP2</subfield>
    <subfield code="d">2008-01-17</subfield>
    <subfield code="e">SC</subfield>
    <subfield code="l">0</subfield>
    <subfield code="o">F-9627</subfield>
    <subfield code="p">1109701</subfield>
    <subfield code="r">2023-02-23 00:00:00</subfield>
    <subfield code="w">2023-02-23</subfield>
    <subfield code="y">MONOGRAFIA</subfield>
  </datafield>
</record>
